000 00737nam a22001817a 4500
003 IT-RoPau
005 20220918181105.0
008 130506b xxu||||| |||| 00| 0 eng d
040 _cIT-RoPau
100 _aCentro di spiritualità paolina
_9518
245 _a"Camminiamo anche noi in novità di vita"
_b(Rom. VI,4)
250 _a1° ed
260 _aAriccia (Roma)
_bCentro di spiritualità paolina Casa Divin Maestro
_c1976
300 _a36 pp.
_c28 cm
490 _a"Camminiamo anche noi in novità di vita" .
_vn° 21 - Marzo 1976
520 _aSommario I. Leggiamo san Paolo, n° 9 II. Testimonianze sullo "spirito paolino". Ricordi e riflessioni di don Paolino M. Gilli. III. Dialogo nella Famiglia Paolina
942 _2ddc
_cCR
999 _c98486
_d98486